| 000 | 00602nam a22001937a 4500 | ||
|---|---|---|---|
| 005 | 20260618115905.0 | ||
| 010 | _aENG-147890 | ||
| 020 |
_a9780198070689 _c795.00 |
||
| 035 | _aEN-131422 | ||
| 037 | _bDBAD | ||
| 082 | _a355.03 | ||
| 100 | _aNOORANI, A.G. | ||
| 245 |
_aINDIA-CHINA BOUNDARY PROBLEM: _cBY A.G. NOORANI _b1846-1947 HISTORY AND DIPLOMACY/ |
||
| 260 |
_aNEW DELHI _bOXFORD UNIVERSITY PRESS _c2011 |
||
| 270 |
_aYMCA library Building, jai Singh Road, new delhi _b New delhi110001 |
||
| 300 |
_a351pg. _c22cm(pb) |
||
| 700 | _988786 | ||
| 942 |
_2ddc _cEN _h355.03 _mNOO |
||
| 999 |
_c216737 _d216737 |
||